000 00822nam a2200229Ia 4500
005 20150915143502.0
010 _aBAC-EN21 ENG-111924
020 _a9780143422884 (part-1)
_c499.00
035 _aEN-95456
035 _aB-580936-953
037 _bAakar/Ven
_adpl
037 _bDBAD/PUB
082 _a954.01
100 _aEraly, Abraham
245 _aThe first spring :
_cby Abraham Eraly
_blife in the golden age of India /
260 _c2014
_aNew Delhi
_bPenguin Books
270 _a11 Community Centre,Panchsheel Park
_bNew Delhi
_e110017
300 _c24cm(pbk)
_aPt.1(xv,501p.)
500 _aIncludes bibliographical references and index
942 _cEN
_2ddc
_mERA
_h954.01
999 _c88758
_d88758